Calcul numérique (Record no. 108594)

MARC details
000 -LEADER
campo de control de longitud fija 00726nam a2200205 4500
001 - NÚMERO DE CONTROL
campo de control 108594
003 - IDENTIFICADOR DE NÚMERO DE CONTROL
campo de control ES-MaACL
005 - FECHA Y HORA DE LA ÚLTIMA TRANSACCIÓN
campo de control 20251122063120.0
007 - CAMPO FIJO DE DESCRIPCIÓN FÍSICA--INFORMACIÓN GENERAL
campo de control de longitud fija t|
008 - DATOS DE LONGITUD FIJA--INFORMACIÓN GENERAL
campo de control de longitud fija 061121s1911 fr r ||||1| fre d
100 1# - ENTRADA PRINCIPAL--NOMBRE DE PERSONA
Nombre de persona Montessus de Ballore, Fernand de,
Fechas asociadas al nombre 1851-1923
9 (RLIN) 82612
245 10 - MENCIÓN DEL TÍTULO
Título Calcul numérique
Resto del título : 1ère partie, Opérations arithmétiques et algébriques. 2ème partie, Intégration /
Mención de responsabilidad, etc. par R. de Montessus de Ballore et R. d'Adhémar.
260 ## - PUBLICACIÓN, DISTRIBUCIÓN, ETC.
Lugar de publicación, distribución, etc. Paris :
Nombre del editor, distribuidor, etc. O. Doin,
Fecha de publicación, distribución, etc. 1911.
300 ## - DESCRIPCIÓN FÍSICA
Extensión 248 p. ;
Dimensiones 18 cm.
490 1# - MENCIÓN DE SERIE
Mención de serie Encyclopédie scientifique
700 1# - ENTRADA AGREGADA--NOMBRE PERSONAL
Nombre de persona Adhémar, Robert d'.
9 (RLIN) 18439
830 0# - PUNTO DE ACCESO ADICIONAL DE SERIE-TÍTULO UNIFORME
Título uniforme Encyclopédie scientifique
9 (RLIN) 180883
852 ## - LOCALIZACIÓN
Ubicación ES-MaACL
Número de control de estantería D-4354
Holdings
Estatus retirado Estado de pérdida Estado de daño No para préstamo Biblioteca de origen Biblioteca actual Ubicación en estantería Fecha de adquisición Fuente de adquisición Total de préstamos Signatura topográfica completa Código de barras Visto por última vez Precio de reemplazo Tipo de ítem Koha
        Biblioteca del Ateneo de Madrid Biblioteca del Ateneo de Madrid Sala Valle Inclán 17/01/2008     D-4354 901113313 23/02/2023 23/02/2023 Libro impreso